000 00971nam a2200253 a 4500
001 000040398
005 20260205101807.0
008 100303s1986 dr ac 000 0 spa d
040 _aDO-SdBNP
_bspa
_cBNPHU
082 _a658
_bM843i
100 1 _aMoreno, Eliseo Darío
_936399
245 1 0 _aIntroducción al conocimiento de la administración /
_cEliseo Darío Moreno.
260 _aSanto Domingo :
_bUniversitaria-UASD,
_c1986.
300 _a207 p. :
_bil., retr.
490 1 _aPublicaciones de la Universidad Autónoma de Santo Domingo
_v488
504 _aIncluye referencias bibliográficas y notas al pie de las páginas
504 _aBibliografía: p. 205-207
590 _aInventariado, 2018/ YL
650 0 _aAdministración
_920440
650 0 _aNegocios
_927821
710 1 _aUniversidad Autónoma de Santo Domingo
_972951
830 0 _aPublicaciones de la Universidad Autónoma de Santo Domingo
_n488
_936400
910 _aValidado. Control de calidad MFF
999 _c39888
_d39888